| 000 | 00699nam a2200205 i 4500 | ||
|---|---|---|---|
| 001 | 134043 | ||
| 003 | ES-MaACL | ||
| 005 | 20230906194603.0 | ||
| 007 | t| | ||
| 008 | 070905s1970 sp ||||1| spa d | ||
| 100 | 1 |
_aWard, John R. _9116079 |
|
| 245 | 1 | 3 |
_aEl flujograma de señal en el análisis de sistemas lineales _b: (texto programado) / _cJohn R. Ward, Robert D. Strum ; [traducido por J.G. Barquero]. |
| 260 |
_aMadrid : _bParaninfo, _c1970. |
||
| 300 |
_a161 p. : _bil. ; _c21 cm. |
||
| 650 | 4 |
_aAnálisis de sistemas. _99763 |
|
| 650 | 4 |
_aSistemas lineales. _917141 |
|
| 700 | 1 |
_aStrum, Robert D. _9108465 |
|
| 700 | 1 |
_aGómez Barquero, Joaquín. _957829 |
|
| 852 |
_aES-MaACL _jC-39593 |
||
| 999 |
_c134043 _d134043 |
||